[Event "SRI-chB (Women)"]
[Site "Mount Lavinia"]
[Date "2022.03.19"]
[Round "7"]
[White "Wijesinghe, WMMN"]
[Black "Vithanawasam, Oneli"]
[Result "0-1"]
[WhiteElo "1612"]
[BlackElo "1361"]
[PlyCount "74"]
[EventDate "2022.03.16"]
[EventType "swiss"]
[EventRounds "10"]
[EventCountry "SRI"]
[SourceTitle "EXT 2023"]
[Source "ChessBase"]
[SourceDate "2022.10.05"]
[SourceVersion "1"]
[SourceVersionDate "2022.10.05"]
[SourceQuality "1"]

1. e4 c6 2. d4 d5 3. exd5 cxd5 4. Bd3 Nc6 5. c3 Qc7 6. Ne2 Bg4 7. 0-0 e6 8. Qe1 Bd6 9. Ng3 Nf6 10. h3 Bh5 11. f4 0-0 12. Nxh5 Nxh5 13. Qh4 g6 14. Be3 Ne7 15. Nd2 Nf5 16. Bxf5 exf5 17. Qf2 Rae8 18. g4 fxg4 19. hxg4 Nf6 20. Rae1 Nxg4 21. Qf3 Qd7 22. Qh3 Qf5 23. Qg3 h5 24. c4 Bb4 25. Rf3 Qc2 26. Re2 Qd3 27. Qe1 Nxe3 28. a3 Bxd2 29. Rxd2 Qe4 30. Rdf2 Qxd4 31. Qd2 Qb6 32. Kh1 Nxc4 33. Qxd5 Re1+ 34. Kh2 Ne3 35. Qd2 Ng4+ 36. Kg2 Rfe8 37. Rf1 R1e2+ 0-1

[Event "SRI-chB (Women)"]
[Site "Mount Lavinia"]
[Date "2022.03.18"]
[Round "5"]
[White "Wijesinghe, WMMN"]
[Black "Ramanayake, Nemindi Linaya"]
[Result "1-0"]
[WhiteElo "1612"]
[BlackElo "1365"]
[PlyCount "77"]
[EventDate "2022.03.16"]
[EventType "swiss"]
[EventRounds "10"]
[EventCountry "SRI"]
[SourceTitle "EXT 2023"]
[Source "ChessBase"]
[SourceDate "2022.10.05"]
[SourceVersion "1"]
[SourceVersionDate "2022.10.05"]
[SourceQuality "1"]

1. e4 c6 2. d4 d5 3. exd5 cxd5 4. Bd3 Nf6 5. c3 Bg4 6. Ne2 e6 7. 0-0 Bd6 8. f3 Bh5 9. Qe1 Qc7 10. Qh4 Rf8 11. Bb5+ Nc6 12. Bg5 Bg6 13. Nd2 Ng8 14. c4 Bd3 15. Rfe1 h6 16. Bf4 g5 17. Bxd6 Qxd6 18. Qf2 dxc4 19. Nxc4 Bxc4 20. Bxc4 0-0-0 21. Red1 Nge7 22. Nc3 Qb4 23. Bf1 Rxd4 24. Nb5 Rxd1 25. Rxd1 Rd8 26. a3 Qb3 27. Rxd8+ Kxd8 28. Nd6 e5 29. Qd2 Qb6+ 30. Kh1 f6 31. Nxb7+ Kc7 32. Nd6 Nd4 33. Nc4 Qc6 34. Qa5+ Kb7 35. Qb4+ Kc8 36. Qxe7 Nxf3 37. Nd6+ Kb8 38. Qd8+ Qc8 39. Qxc8# 1-0

[Event "SRI-chB (Women)"]
[Site "Mount Lavinia"]
[Date "2022.03.16"]
[Round "1"]
[White "Wijesinghe, WMMN"]
[Black "Thamilmathy, Thaneshkumar"]
[Result "1-0"]
[WhiteElo "1612"]
[BlackElo "1130"]
[PlyCount "61"]
[EventDate "2022.03.16"]
[EventType "swiss"]
[EventRounds "10"]
[EventCountry "SRI"]
[SourceTitle "EXT 2023"]
[Source "ChessBase"]
[SourceDate "2022.10.05"]
[SourceVersion "1"]
[SourceVersionDate "2022.10.05"]
[SourceQuality "1"]

1. e4 e5 2. Nf3 Nc6 3. Bb5 Nge7 4. 0-0 h6 5. Nc3 d6 6. d4 exd4 7. Nxd4 Bd7 8. Nxc6 Nxc6 9. Bxc6 Bxc6 10. Nd5 Be7 11. Qg4 g6 12. Qf3 Qd7 13. Bd2 Bxd5 14. exd5 f5 15. Rfe1 0-0-0 16. Qe3 Kb8 17. Qxe7 Qxe7 18. Rxe7 h5 19. Rae1 Kc8 20. R1e6 Rhg8 21. Bg5 b6 22. Kf1 a6 23. Rf7 Rde8 24. Rff6 Rxe6 25. dxe6 c5 26. e7 Kd7 27. Rf8 Rxf8 28. exf8Q Kc6 29. Bf4 Kc7 30. Qxd6+ Kc8 31. Qc7# 1-0

[Event "Wch FIDE Online U14 Girls Asia qual"]
[Site "Tornelo INT"]
[Date "2020.12.12"]
[Round "5"]
[White "Umayan, Samantha Babol"]
[Black "Wijesinghe, WMMN"]
[Result "0-1"]
[WhiteElo "1553"]
[BlackElo "1612"]
[PlyCount "124"]
[EventDate "2020.12.11"]
[EventType "swiss (rapid)"]
[EventRounds "7"]
[EventCountry "ISS"]
[SourceTitle "EXT 2022"]
[Source "ChessBase"]
[SourceDate "2021.10.06"]
[SourceVersion "1"]
[SourceVersionDate "2021.10.06"]
[SourceQuality "1"]

1. d4 Nf6 2. c4 e6 3. Nf3 d5 4. Nc3 Be7 5. Bg5 0-0 6. e3 Nbd7 7. cxd5 exd5 8. Bd3 Nb6 9. Qc2 h6 10. Bh4 Re8 11. 0-0 Ne4 12. Bxe7 Qxe7 13. a4 c6 14. a5 Nd7 15. Nd2 Ndf6 16. Ndxe4 Nxe4 17. Nxe4 dxe4 18. Bc4 Qg5 19. Rfe1 Bh3 20. g3 Qf5 21. Bf1 Re6 22. Bxh3 Qxh3 23. Ra3 Rd8 24. Rc3 Rd5 25. Rc5 Rh5 26. Rxh5 Qxh5 27. b4 Rf6 28. Qxe4 Qh3 29. Qg2 Qf5 30. e4 Qb5 31. Rb1 Qd3 32. Qf1 Qxe4 33. b5 Qxd4 34. bxc6 bxc6 35. Rb8+ Kh7 36. Qb1+ g6 37. Qb2 Qxb2 38. Rxb2 Rf5 39. a6 Ra5 40. Rb7 Rxa6 41. Rxf7+ Kg8 42. Rc7 Kf8 43. Kg2 Ke8 44. h4 Kd8 45. Rh7 h5 46. Rg7 c5 47. g4 hxg4 48. Rf7 Kc8 49. Rf4 Rc6 50. Rc4 Kb7 51. Kg3 Kb6 52. Kxg4 Kb5 53. Rc1 c4 54. f4 c3 55. Kg5 c2 56. f5 gxf5 57. Kxf5 a5 58. h5 Kb4 59. h6 Kb3 60. h7 Rc8 61. Kg6 Kb2 62. Rh1 c1Q 0-1

[Event "SRI-ch (Women)"]
[Site "Colombo"]
[Date "2020.09.21"]
[Round "13"]
[White "Wijesinghe, WMMN"]
[Black "Fernando, GW Nethmi L"]
[Result "1/2-1/2"]
[WhiteElo "1575"]
[BlackElo "1630"]
[PlyCount "61"]
[EventDate "2020.09.11"]
[EventType "tourn"]
[EventRounds "13"]
[EventCountry "SRI"]
[SourceTitle "CBM 198 Extra"]
[Source "ChessBase"]
[SourceDate "2020.11.30"]
[SourceVersion "1"]
[SourceVersionDate "2020.11.30"]
[SourceQuality "1"]

1. e4 c5 2. Nf3 d6 3. d4 cxd4 4. Nxd4 Nf6 5. Nc3 a6 6. Be3 e5 7. Nb3 Be6 8. Be2 d5 9. exd5 Nxd5 10. Nxd5 Qxd5 11. Qxd5 Bxd5 12. 0-0 Bxb3 13. axb3 Nc6 14. Rad1 Be7 15. Bf3 Rc8 16. Bxc6+ Rxc6 17. Rd2 Rd6 18. Rxd6 Bxd6 19. Rd1 Ke7 20. h3 Rc8 21. c3 Rd8 22. Kf1 Bc7 23. Rxd8 Bxd8 24. Ke2 Ke6 25. Kd3 b5 26. f4 exf4 27. Bxf4 Bf6 28. g4 Be5 29. Bxe5 Kxe5 30. Ke3 g6 31. h4 1/2-1/2

[Event "SRI-ch (Women)"]
[Site "Colombo"]
[Date "2020.09.14"]
[Round "7"]
[White "Sandeepani, M Tharushi"]
[Black "Wijesinghe, WMMN"]
[Result "1-0"]
[WhiteElo "1625"]
[BlackElo "1575"]
[PlyCount "75"]
[EventDate "2020.09.11"]
[EventType "tourn"]
[EventRounds "13"]
[EventCountry "SRI"]
[SourceTitle "CBM 198 Extra"]
[Source "ChessBase"]
[SourceDate "2020.11.30"]
[SourceVersion "1"]
[SourceVersionDate "2020.11.30"]
[SourceQuality "1"]

1. d4 Nf6 2. c4 g6 3. Nc3 Bg7 4. e4 d6 5. Nf3 0-0 6. Be2 e5 7. Be3 Nc6 8. d5 Ne7 9. Nd2 Nd7 10. b4 f5 11. f3 Nf6 12. c5 f4 13. Bf2 Bd7 14. Nc4 Be8 15. Qb3 b6 16. a4 Rb8 17. Qa3 g5 18. cxd6 cxd6 19. b5 Nc8 20. a5 Bg6 21. axb6 axb6 22. Qb4 Rf7 23. Ra6 Bf8 24. Kd2 Nd7 25. Rha1 Nc5 26. Bxc5 dxc5 27. Qb2 Bd6 28. Nd1 Qc7 29. Nf2 Kg7 30. Ra8 Re7 31. R1a6 Rxa8 32. Rxa8 Rd7 33. Ng4 Qb7 34. Rxc8 Qxc8 35. Nxd6 Qc7 36. Qxe5+ Kf8 37. Qh8+ Ke7 38. Qf6# 1-0

[Event "SRI-ch (Women)"]
[Site "Colombo"]
[Date "2020.09.12"]
[Round "3"]
[White "Jayaweera, Sayuni Gihansa"]
[Black "Wijesinghe, WMMN"]
[Result "1-0"]
[WhiteElo "1698"]
[BlackElo "1575"]
[PlyCount "79"]
[EventDate "2020.09.11"]
[EventType "tourn"]
[EventRounds "13"]
[EventCountry "SRI"]
[SourceTitle "CBM 198 Extra"]
[Source "ChessBase"]
[SourceDate "2020.11.30"]
[SourceVersion "1"]
[SourceVersionDate "2020.11.30"]
[SourceQuality "1"]

1. d4 Nf6 2. c4 g6 3. Nc3 Bg7 4. e4 d6 5. f3 0-0 6. Bg5 Nbd7 7. Qd2 e5 8. d5 a5 9. Nh3 Nc5 10. Nf2 Bd7 11. g4 Qc8 12. Be2 Qe8 13. h4 Na4 14. Nxa4 Bxa4 15. h5 Bd7 16. Bh6 Qe7 17. 0-0-0 Rfb8 18. Bxg7 Kxg7 19. hxg6 fxg6 20. Qh6+ Kg8 21. Nh3 Qg7 22. Qe3 b5 23. c5 b4 24. c6 Bc8 25. Ng5 h6 26. Nh3 g5 27. Rh2 Ba6 28. Bxa6 Rxa6 29. Ng1 Kf7 30. Ne2 Rh8 31. Ng3 Qg6 32. Rdh1 Rh7 33. Nf5 h5 34. Qd3 Rb6 35. gxh5 Rxh5 36. Rxh5 Nxh5 37. Qe3 Ng7 38. Nh6+ Kf8 39. Ng4 Nh5 40. Kd2 1-0

[Event "SRI-ch (Women)"]
[Site "Colombo"]
[Date "2020.09.12"]
[Round "2"]
[White "Wijesinghe, WMMN"]
[Black "Ranasinghe, Sachini D"]
[Result "1-0"]
[WhiteElo "1575"]
[BlackElo "1731"]
[PlyCount "81"]
[EventDate "2020.09.11"]
[EventType "tourn"]
[EventRounds "13"]
[EventCountry "SRI"]
[SourceTitle "CBM 198 Extra"]
[Source "ChessBase"]
[SourceDate "2020.11.30"]
[SourceVersion "1"]
[SourceVersionDate "2020.11.30"]
[SourceQuality "1"]

1. e4 c5 2. Nf3 Nc6 3. Nc3 a6 4. d4 cxd4 5. Nxd4 d6 6. Be3 e5 7. Nb3 Nge7 8. Qd2 f5 9. f3 f4 10. Bf2 Be6 11. 0-0-0 Nc8 12. Nd5 Be7 13. g3 fxg3 14. hxg3 0-0 15. f4 Bf6 16. Be3 a5 17. Bc4 a4 18. Qh2 h6 19. f5 Bf7 20. Nd2 Bg5 21. f6 Bxe3 22. fxg7 Bg5 23. gxf8Q+ Kxf8 24. Rhf1 Kg7 25. Rxf7+ Kxf7 26. Nc7+ Kg6 27. Nxa8 N8e7 28. Qf2 d5 29. exd5 Nd4 30. d6 Nef5 31. Bd3 Qg8 32. Kb1 a3 33. g4 Qxa8 34. gxf5+ Kf7 35. Bc4+ Kf8 36. Ne4 Bf4 37. Rxd4 b5 38. Bb3 Qa5 39. Rd1 Bg5 40. Nxg5 hxg5 41. d7 1-0

[Event "SRI-ch (Women)"]
[Site "Colombo"]
[Date "2020.09.11"]
[Round "1"]
[White "Pavalachandran, Ashvini"]
[Black "Wijesinghe, WMMN"]
[Result "1-0"]
[WhiteElo "1614"]
[BlackElo "1575"]
[PlyCount "101"]
[EventDate "2020.09.11"]
[EventType "tourn"]
[EventRounds "13"]
[EventCountry "SRI"]
[SourceTitle "CBM 198 Extra"]
[Source "ChessBase"]
[SourceDate "2020.11.30"]
[SourceVersion "1"]
[SourceVersionDate "2020.11.30"]
[SourceQuality "1"]

1. d4 Nf6 2. h4 g6 3. c4 Bg7 4. Nc3 d6 5. e4 h5 6. Bg5 Nbd7 7. Qd2 c5 8. d5 Ne5 9. f3 Bd7 10. Bf4 Qc7 11. Bxe5 dxe5 12. g3 Bh6 13. Qd3 Rc8 14. Bh3 Rd8 15. Bxd7+ Rxd7 16. Nh3 e6 17. 0-0 a6 18. Qe2 exd5 19. exd5 Re7 20. Ng5 0-0 21. Nce4 Nxe4 22. Nxe4 Qb6 23. a4 f5 24. a5 Qa7 25. Nc3 Qb8 26. Rfd1 Qd6 27. Na4 f4 28. Nc3 Qd7 29. Ne4 fxg3 30. Kg2 Rf4 31. Rh1 Ref7 32. Ra3 Qc7 33. d6 Qc6 34. Rd3 Qa4 35. Qd1 Qc6 36. d7 Rxd7 37. Rxd7 Rxe4 38. fxe4 Qxe4+ 39. Qf3 Qc2+ 40. Kh3 Qf5+ 41. Qxf5 gxf5 42. Kxg3 Bg7 43. Rxg7+ Kxg7 44. Rd1 Kf6 45. Rd6+ Kg7 46. Rb6 f4+ 47. Kf3 Kf7 48. Ke4 Kg7 49. Rxb7+ Kf6 50. Rb6+ Kg7 51. Rxa6 1-0

[Event "SRI-chB (Women)"]
[Site "Colombo"]
[Date "2018.03.01"]
[Round "1"]
[White "Ranasinghe, Sachini D"]
[Black "Wijesinghe, WMMN"]
[Result "1-0"]
[WhiteElo "1744"]
[BlackElo "1291"]
[PlyCount "113"]
[EventDate "2018.03.01"]
[EventType "swiss"]
[EventRounds "10"]
[EventCountry "SRI"]
[SourceTitle "EXT 2019"]
[Source "ChessBase"]
[SourceDate "2018.10.10"]
[SourceVersion "1"]
[SourceVersionDate "2018.10.10"]
[SourceQuality "1"]

1. Nf3 d5 2. d4 Nc6 3. g3 Bf5 4. c3 Nf6 5. Bg2 e6 6. Nbd2 h6 7. 0-0 Bd6 8. Re1 0-0 9. a3 Re8 10. c4 Ne4 11. e3 Nxd2 12. Nxd2 Be7 13. b4 Bf6 14. Bb2 a6 15. Qb3 Ne7 16. e4 dxe4 17. Nxe4 Bxe4 18. Bxe4 c6 19. Rad1 Qb6 20. Rd3 Rad8 21. Qd1 Nc8 22. Bc3 Qc7 23. Bd2 Qb6 24. Be3 Qc7 25. Bf4 Qe7 26. c5 Bg5 27. Bb8 Qd7 28. Be5 Qe7 29. Qf3 f5 30. Bxc6 bxc6 31. Qxc6 Qa7 32. Bc7 Ne7 33. Qxe6+ Kh8 34. Bxd8 Rxd8 35. d5 Qd7 36. Qxa6 Nxd5 37. c6 Qc7 38. Qc4 Nb6 39. Rxd8+ Qxd8 40. c7 Qc8 41. Qc6 Nd7 42. Re8+ Qxe8 43. c8Q Bd8 44. Q8xd7 Qe1+ 45. Kg2 Bf6 46. Qe8+ Qxe8 47. Qxe8+ Kh7 48. b5 Bd4 49. Qd7 Bb6 50. Qxf5+ Kg8 51. Qe6+ Kh8 52. Qxb6 Kg8 53. Qe6+ Kh7 54. b6 Kh8 55. b7 Kh7 56. b8Q h5 57. Qbg8# 1-0

[Event "SRI-chB (Women)"]
[Site "Narahenpita"]
[Date "2017.05.12"]
[Round "1"]
[White "Wijesinghe, WMMN"]
[Black "Wijesuriya, GPY"]
[Result "0-1"]
[WhiteElo "1154"]
[BlackElo "1553"]
[PlyCount "126"]
[EventDate "2017.05.12"]
[EventType "swiss"]
[EventRounds "10"]
[EventCountry "SRI"]
[SourceTitle "CBM 178 Extra"]
[Source "ChessBase"]
[SourceDate "2017.06.22"]
[SourceVersion "1"]
[SourceVersionDate "2017.06.22"]
[SourceQuality "1"]

1. e4 e5 2. Nf3 Nc6 3. Bb5 a6 4. Bxc6 dxc6 5. d3 Bg4 6. h3 Bxf3 7. Qxf3 Bc5 8. Nc3 Qe7 9. Bd2 h6 10. Na4 Ba7 11. Qg3 Qf6 12. Bc3 Ne7 13. Bxe5 Bxf2+ 14. Qxf2 Qxe5 15. Nc3 0-0 16. g4 Nd5 17. d4 Qe7 18. Nxd5 Qxe4+ 19. Kd2 cxd5 20. Rhe1 Qg6 21. Re7 Qg5+ 22. Qe3 Qxe3+ 23. Rxe3 Rfe8 24. Rae1 Kf8 25. Re5 c6 26. g5 hxg5 27. Rxg5 Rxe1 28. Kxe1 Re8+ 29. Kd2 Re4 30. c3 f6 31. Rh5 Kf7 32. Rh8 f5 33. Rb8 Re7 34. Rh8 Kg6 35. Rf8 Kg5 36. Kd3 Kf4 37. Kd2 g5 38. b3 Rh7 39. Re8 Rxh3 40. Re2 g4 41. Rf2+ Rf3 42. Rg2 g3 43. Ke2 Rxc3 44. Kd2 Rf3 45. Ke2 Rf2+ 46. Rxf2+ gxf2 47. Kxf2 Ke4 48. Kg3 Kxd4 49. Kf4 Kc3 50. Kxf5 d4 51. Ke4 d3 52. Ke3 Kc2 53. Ke4 d2 54. Ke5 d1Q 55. Ke6 Qd4 56. Kf5 Kd3 57. Ke6 Qd5+ 58. Kf6 Ke4 59. a4 Qf5+ 60. Ke7 Ke5 61. a5 Qh7+ 62. Kd8 Kd6 63. Kc8 Qc7# 0-1